000 00664 a2200193 4500
001 62107
005 20260407155914.0
008 260407a arg spa d
003 AR-UNSa-BCEJYS
040 _aAR-UNSa-BCEJYS
_bspa
_cAR-UNSa-BCEJYS
080 _a349.2(094.5)
_x(Legislación del trabajo (Legislación laboral, contrato de trabajo,procedimiento laboral,riesgo laboral etc.))
245 1 0 _aDigesto laboral
_pRecopilación ordenada de normas legales vigentes
264 1 _aBuenos Aires :
_bERGON
300 _a2 v.
_c28 cm.
041 _aspa
942 _cBK
590 _aniveau_biblio:m niveau_hierar:0
100 1 _aSchuldreich Talleda, Héctor Adolfo
999 _c7560
_d7560